000 00469nam a2200169 i 4500
001 97117
003 ES-MaACL
005 20230906182039.0
007 t|
008 050706s1965 sp ||||1| cat d
100 1 _aManyà, Joan B.
_b1884-1976.
_976191
245 1 4 _aLes meves confessions /
_cJoan B. Manyà.
260 _aTortosa :
_bAlgueró y Baiges,
_c1965.
300 _a233 p. ;
_c21 cm.
500 _aRetrato del autor.
852 _aES-MaACL
_jC-27969
_bR.57208
999 _c97117
_d97117